Desserts par images - Clic quiz - Statistiques

Statistiques générales
  • Ce quiz a été pris 84 517 fois
  • Le résultat moyen est 18 sur 25
Statistiques - réponses
Hint Réponse % Correct
Le macaron
90%
La crème brûlée
88%
L'île flottante
87%
Le riz au lait
86%
La tarte citron meringuée
85%
Le millefeuille
85%
Le crumble
84%
Le tiramisu
84%
La panna cota
83%
Le quatre-quart
83%
La Charlotte
81%
La Forêt noire
81%
Le flan
76%
La religieuse au chocolat
75%
Le Paris-Brest
75%
Les profiteroles
72%
La tarte tatin
68%
Le baba au rhum
68%
Le kouign amann
66%
La tarte tropezienne
64%
L'opéra
62%
Le clafoutis
57%
Le far breton
55%
Le gâteau basque
48%
Le Saint Honoré
46%
Aucun quiz correspondant
Distribution des résultats
% des personnes avec chaque résultat
Percentile par nombre de réponses
Votre historique - résultats
Vous n’avez pas pris ce quiz